[Event "45th FIDE Chess Olympiad Open"]
[Site "Budapest, Hungary"]
[Date "2024.09.14"]
[Round "4"]
[White "Itgelt, Khuyagtsogt"]
[Black "Svane, Frederik"]
[Result "0-1"]
[Board "60"]
[WhiteFideId "4902912"]
[BlackFideId "12923044"]
[WhiteTitle "FM"]
[BlackTitle "GM"]
[WhiteElo "2412"]
[BlackElo "2640"]
[WhiteTeam "Mongolia"]
[BlackTeam "Germany"]
[WhiteClock "0:01:39"]
[BlackClock "0:20:37"]
[Variant "Standard"]

1. d4 {[%clk 1:30:55]}  Nf6 {[%clk 1:30:54]} 2. c4 {[%clk 1:31:19]}  e6 {[%clk 1:31:18]} 3. g3 {[%clk 1:31:43]}  Bb4+ {[%clk 1:31:32]} 4. Nd2 {[%clk 1:32:06]}  d5 {[%clk 1:31:21]} 5. Bg2 {[%clk 1:32:29]}  a5 {[%clk 1:31:38]} 6. Ngf3 {[%clk 1:32:25]}  a4 {[%clk 1:31:58]} 7. a3 {[%clk 1:29:57]}  Be7 {[%clk 1:31:43]} 8. O-O {[%clk 1:29:08]}  Nc6 {[%clk 1:32:07]} 9. Qc2 {[%clk 1:24:18]}  O-O {[%clk 1:30:47]} 10. Rd1 {[%clk 1:22:30]}  Bd7 {[%clk 1:31:11]} 11. e4 {[%clk 1:17:41]}  dxe4 {[%clk 1:30:53]} 12. Nxe4 {[%clk 1:18:04]}  Nxe4 {[%clk 1:31:19]} 13. Qxe4 {[%clk 1:18:25]}  Na5 {[%clk 1:31:47]} 14. Ne5 {[%clk 1:18:44]}  Be8 {[%clk 1:32:01]} 15. Be3 {[%clk 1:10:13]}  f6 {[%clk 1:24:51]} 16. Nd3 {[%clk 1:08:37]}  Qc8 {[%clk 1:25:08]} 17. Nf4 {[%clk 1:06:19]}  Bf7 {[%clk 1:25:05]} 18. Bh3 {[%clk 1:05:36]}  f5 {[%clk 1:23:25]} 19. Qc2 {[%clk 1:04:16]}  Nb3 {[%clk 1:20:53]} 20. Rab1 {[%clk 0:59:12]}  c6 {[%clk 1:15:04]} 21. Bf1 {[%clk 0:31:58]}  Bf6 {[%clk 1:07:22]} 22. c5 {[%clk 0:21:53]}  Kh8 {[%clk 0:46:40]} 23. Bc4 {[%clk 0:02:52]}  Qe8 {[%clk 0:46:29]} 24. h4 {[%clk 0:02:26]}  Rd8 {[%clk 0:44:41]} 25. Re1 {[%clk 0:01:03]}  Bxd4 {[%clk 0:36:09]} 26. Bxb3 {[%clk 0:01:29]}  axb3 {[%clk 0:36:30]} 27. Qxb3 {[%clk 0:01:55]}  Bf6 {[%clk 0:36:34]} 28. Qxb7 {[%clk 0:02:04]}  e5 {[%clk 0:36:52]} 29. Nh3 {[%clk 0:00:54]}  Bd5 {[%clk 0:36:15]} 30. Bg5 {[%clk 0:01:20]}  Qh5 {[%clk 0:30:18]} 31. Bxf6 {[%clk 0:01:46]}  gxf6 {[%clk 0:30:40]} 32. Kh2 {[%clk 0:02:15]}  f4 {[%clk 0:19:54]} 33. Rg1 {[%clk 0:02:42]}  Be6 {[%clk 0:19:57]} 34. gxf4 {[%clk 0:02:56]}  Rd7 {[%clk 0:19:48]} 35. Qxc6 {[%clk 0:01:57]}  Bxh3 {[%clk 0:20:04]} 36. Kxh3 {[%clk 0:01:32]}  Rd3+ {[%clk 0:20:17]} 37. Rg3 {[%clk 0:01:39]}  Qf5+ {[%clk 0:20:37]} 0-1

[Event "45th FIDE Chess Olympiad Open"]
[Site "Budapest, Hungary"]
[Date "2024.09.14"]
[Round "4"]
[White "Egilstoft, Rogvi"]
[Black "Lupulescu, Constantin"]
[Result "1/2-1/2"]
[Board "67"]
[WhiteFideId "7200447"]
[BlackFideId "1207822"]
[WhiteTitle "FM"]
[BlackTitle "GM"]
[WhiteElo "2278"]
[BlackElo "2590"]
[WhiteTeam "Faroe Islands"]
[BlackTeam "Romania"]
[WhiteClock "0:03:29"]
[BlackClock "0:02:32"]
[Variant "Standard"]

1. e4 {[%clk 1:30:55]}  c5 {[%clk 1:30:57]} 2. c3 {[%clk 1:31:11]}  d5 {[%clk 1:31:23]} 3. exd5 {[%clk 1:31:28]}  Qxd5 {[%clk 1:31:49]} 4. d4 {[%clk 1:30:53]}  g6 {[%clk 1:32:11]} 5. Be3 {[%clk 1:25:28]}  cxd4 {[%clk 1:27:22]} 6. cxd4 {[%clk 1:24:35]}  Bg7 {[%clk 1:25:44]} 7. Nf3 {[%clk 1:21:57]}  Qa5+ {[%clk 1:25:24]} 8. Nbd2 {[%clk 1:16:31]}  Be6 {[%clk 1:19:06]} 9. b4 {[%clk 1:11:33]}  Qd8 {[%clk 1:14:14]} 10. Qa4+ {[%clk 1:04:40]}  Nd7 {[%clk 1:01:26]} 11. Ne4 {[%clk 0:44:46]}  Bd5 {[%clk 0:55:24]} 12. Bd3 {[%clk 0:39:29]}  Ngf6 {[%clk 0:54:40]} 13. Nxf6+ {[%clk 0:32:21]}  exf6 {[%clk 0:48:35]} 14. O-O {[%clk 0:28:28]}  Bxf3 {[%clk 0:41:23]} 15. gxf3 {[%clk 0:28:56]}  O-O {[%clk 0:41:47]} 16. Rac1 {[%clk 0:26:39]}  Nb6 {[%clk 0:37:10]} 17. Qb3 {[%clk 0:25:27]}  f5 {[%clk 0:37:06]} 18. a4 {[%clk 0:16:16]}  Bxd4 {[%clk 0:23:10]} 19. Bxd4 {[%clk 0:11:25]}  Qxd4 {[%clk 0:23:31]} 20. Rfd1 {[%clk 0:11:35]}  Qf4 {[%clk 0:21:14]} 21. Bf1 {[%clk 0:08:26]}  Rad8 {[%clk 0:19:55]} 22. Kh1 {[%clk 0:06:00]}  Rxd1 {[%clk 0:15:10]} 23. Rxd1 {[%clk 0:06:20]}  Rc8 {[%clk 0:14:15]} 24. a5 {[%clk 0:04:15]}  Nc4 {[%clk 0:13:59]} 25. Qc3 {[%clk 0:03:36]}  Nd6 {[%clk 0:06:57]} 26. Qd3 {[%clk 0:04:04]}  Rd8 {[%clk 0:06:30]} 27. b5 {[%clk 0:04:11]}  Qe5 {[%clk 0:05:29]} 28. a6 {[%clk 0:02:21]}  Qc5 {[%clk 0:04:42]} 29. Qd2 {[%clk 0:01:51]}  Qb6 {[%clk 0:04:20]} 30. Qe3 {[%clk 0:00:58]}  Qxe3 {[%clk 0:03:40]} 31. fxe3 {[%clk 0:01:26]}  bxa6 {[%clk 0:04:01]} 32. bxa6 {[%clk 0:01:52]}  Kf8 {[%clk 0:04:05]} 33. Kg2 {[%clk 0:00:39]}  Ke7 {[%clk 0:04:28]} 34. Rb1 {[%clk 0:00:57]}  Rc8 {[%clk 0:04:14]} 35. Rb2 {[%clk 0:01:26]}  Rc3 {[%clk 0:03:34]} 36. Kf2 {[%clk 0:01:51]}  Rc6 {[%clk 0:02:07]} 37. Be2 {[%clk 0:01:42]}  Kd7 {[%clk 0:01:57]} 38. Bd3 {[%clk 0:00:36]}  Kc7 {[%clk 0:01:53]} 39. e4 {[%clk 0:01:02]}  fxe4 {[%clk 0:01:47]} 40. fxe4 {[%clk 0:01:30]}  f6 {[%clk 0:01:23]} 41. Ke3 {[%clk 0:29:32]}  Rb6 {[%clk 0:26:03]} 42. Rxb6 {[%clk 0:18:41]}  Kxb6 {[%clk 0:25:25]} 43. Kd4 {[%clk 0:19:03]}  Nb5+ {[%clk 0:20:05]} 44. Kd5 {[%clk 0:12:00]}  Nc7+ {[%clk 0:20:26]} 45. Kd6 {[%clk 0:11:34]}  Nxa6 {[%clk 0:20:17]} 46. e5 {[%clk 0:08:51]}  fxe5 {[%clk 0:18:52]} 47. Kxe5 {[%clk 0:09:19]}  Nb4 {[%clk 0:13:23]} 48. Bc4 {[%clk 0:08:14]}  a5 {[%clk 0:10:40]} 49. Bg8 {[%clk 0:06:20]}  h6 {[%clk 0:06:27]} 50. Bb3 {[%clk 0:05:19]}  Nd3+ {[%clk 0:04:11]} 51. Kf6 {[%clk 0:05:27]}  Nf4 {[%clk 0:04:04]} 52. Kg7 {[%clk 0:04:43]}  h5 {[%clk 0:04:22]} 53. Kh6 {[%clk 0:04:12]}  Kb5 {[%clk 0:04:35]} 54. Kg5 {[%clk 0:03:58]}  Kb4 {[%clk 0:05:02]} 55. Bf7 {[%clk 0:02:59]}  Ne2 {[%clk 0:02:27]} 56. Be8 {[%clk 0:02:09]}  Nd4 {[%clk 0:02:28]} 57. Kxg6 {[%clk 0:02:31]}  h4 {[%clk 0:01:17]} 58. Kh5 {[%clk 0:02:27]}  Nb5 {[%clk 0:01:26]} 59. Kxh4 {[%clk 0:02:49]}  a4 {[%clk 0:01:52]} 60. Kg4 {[%clk 0:01:55]}  a3 {[%clk 0:02:17]} 61. Bf7 {[%clk 0:02:18]}  Nd4 {[%clk 0:02:09]} 62. Ba2 {[%clk 0:02:38]}  Ne2 {[%clk 0:01:48]} 63. h4 {[%clk 0:02:26]}  Nc1 {[%clk 0:02:06]} 64. h5 {[%clk 0:02:39]}  Nxa2 {[%clk 0:02:31]} 65. h6 {[%clk 0:03:04]}  Nc3 {[%clk 0:02:57]} 66. h7 {[%clk 0:03:26]}  a2 {[%clk 0:03:21]} 67. h8=Q {[%clk 0:03:49]}  a1=Q {[%clk 0:03:46]} 68. Qd4+ {[%clk 0:02:58]}  Kb5 {[%clk 0:03:33]} 69. Qe5+ {[%clk 0:03:08]}  Kc4 {[%clk 0:03:53]} 70. Qf4+ {[%clk 0:03:08]}  Kd5 {[%clk 0:02:57]} 71. Qf5+ {[%clk 0:03:21]}  Kd6 {[%clk 0:02:47]} 72. Qf6+ {[%clk 0:03:40]}  Kc5 {[%clk 0:03:02]} 73. Qe5+ {[%clk 0:03:54]}  Kc4 {[%clk 0:02:54]} 74. Qf4+ {[%clk 0:04:05]}  Kb5 {[%clk 0:02:11]} 75. Qe5+ {[%clk 0:03:27]}  Ka4 {[%clk 0:02:27]} 76. Qd4+ {[%clk 0:03:01]}  Kb3 {[%clk 0:02:47]} 77. Qb6+ {[%clk 0:03:16]}  Kc4 {[%clk 0:03:08]} 78. Qc6+ {[%clk 0:02:51]}  Kd3 {[%clk 0:02:40]} 79. Qf3+ {[%clk 0:03:05]}  Kd2 {[%clk 0:02:39]} 80. Qf4+ {[%clk 0:03:08]}  Kc2 {[%clk 0:02:40]} 81. Qf2+ {[%clk 0:03:20]}  Kc1 {[%clk 0:02:22]} 82. Qe3+ {[%clk 0:03:32]}  Kb2 {[%clk 0:02:36]} 83. Qf2+ {[%clk 0:02:57]}  Kb1 {[%clk 0:02:17]} 84. Qg1+ {[%clk 0:03:07]}  Ka2 {[%clk 0:02:43]} 85. Qxa1+ {[%clk 0:03:29]}  Kxa1 {[%clk 0:02:32]} 1/2-1/2

[Event "45th FIDE Chess Olympiad Open"]
[Site "Budapest, Hungary"]
[Date "2024.09.14"]
[Round "4"]
[White "Berend, Fred"]
[Black "Fawzy, Adham"]
[Result "1-0"]
[Board "133"]
[WhiteFideId "4000102"]
[BlackFideId "10613129"]
[WhiteTitle "IM"]
[BlackTitle "GM"]
[WhiteElo "2230"]
[BlackElo "2507"]
[WhiteTeam "Luxembourg"]
[BlackTeam "Egypt"]
[WhiteClock "0:09:03"]
[BlackClock "0:15:13"]
[Variant "Standard"]

1. e4 {[%clk 1:30:57]}  c5 {[%clk 1:30:42]} 2. Nf3 {[%clk 1:30:40]}  Nc6 {[%clk 1:27:56]} 3. Bb5 {[%clk 1:30:47]}  g6 {[%clk 1:27:36]} 4. O-O {[%clk 1:29:53]}  Bg7 {[%clk 1:27:58]} 5. c3 {[%clk 1:29:56]}  Nf6 {[%clk 1:26:58]} 6. Re1 {[%clk 1:29:07]}  O-O {[%clk 1:27:12]} 7. h3 {[%clk 1:28:46]}  e5 {[%clk 1:24:41]} 8. d4 {[%clk 1:28:17]}  exd4 {[%clk 1:17:34]} 9. cxd4 {[%clk 1:24:32]}  d5 {[%clk 1:16:41]} 10. e5 {[%clk 1:24:53]}  Ne4 {[%clk 1:15:33]} 11. Bxc6 {[%clk 1:21:25]}  bxc6 {[%clk 1:14:35]} 12. dxc5 {[%clk 1:21:34]}  Nxc5 {[%clk 0:54:26]} 13. Qc2 {[%clk 1:17:15]}  Ne6 {[%clk 0:52:39]} 14. Qxc6 {[%clk 1:14:36]}  Rb8 {[%clk 0:51:31]} 15. Nbd2 {[%clk 1:11:51]}  Bb7 {[%clk 0:47:51]} 16. Qa4 {[%clk 1:10:59]}  d4 {[%clk 0:43:16]} 17. b3 {[%clk 1:03:59]}  Nc5 {[%clk 0:34:04]} 18. Qc4 {[%clk 1:00:42]}  Rc8 {[%clk 0:30:34]} 19. Ba3 {[%clk 0:56:21]}  Ne6 {[%clk 0:25:46]} 20. Qb5 {[%clk 0:54:01]}  Bc6 {[%clk 0:25:28]} 21. Qa6 {[%clk 0:49:47]}  Re8 {[%clk 0:24:56]} 22. Rac1 {[%clk 0:45:53]}  Qd7 {[%clk 0:24:19]} 23. Qd3 {[%clk 0:38:15]}  Nf4 {[%clk 0:19:31]} 24. Qxd4 {[%clk 0:29:37]}  Qxd4 {[%clk 0:19:28]} 25. Nxd4 {[%clk 0:30:05]}  Bxg2 {[%clk 0:19:45]} 26. Rxc8 {[%clk 0:24:10]}  Rxc8 {[%clk 0:20:02]} 27. Kh2 {[%clk 0:23:52]}  Bd5 {[%clk 0:15:32]} 28. Bd6 {[%clk 0:20:22]}  Nd3 {[%clk 0:13:49]} 29. Re2 {[%clk 0:14:42]}  Bh6 {[%clk 0:14:08]} 30. Ne4 {[%clk 0:13:03]}  Bf4+ {[%clk 0:14:17]} 31. Ng3 {[%clk 0:08:55]}  h5 {[%clk 0:10:03]} 32. h4 {[%clk 0:09:10]}  g5 {[%clk 0:10:32]} 33. Ndf5 {[%clk 0:09:15]}  Rc1 {[%clk 0:10:48]} 34. Ne7+ {[%clk 0:09:24]}  Kh7 {[%clk 0:08:13]} 35. Nxd5 {[%clk 0:09:39]}  gxh4 {[%clk 0:08:36]} 36. Nxf4 {[%clk 0:06:05]}  Nxf4 {[%clk 0:08:55]} 37. Re4 {[%clk 0:05:44]}  hxg3+ {[%clk 0:09:19]} 38. Kxg3 {[%clk 0:05:40]}  Ne6 {[%clk 0:08:08]} 39. Ra4 {[%clk 0:04:32]}  Rg1+ {[%clk 0:06:15]} 40. Kh2 {[%clk 0:04:01]}  Rg7 {[%clk 0:06:28]} 41. Be7 {[%clk 0:03:40]}  a5 {[%clk 0:04:54]} 42. Kh1 {[%clk 0:01:11]}  Kg6 {[%clk 0:04:26]} 43. Bf6 {[%clk 0:28:58]}  Rg8 {[%clk 0:33:53]} 44. Rxa5 {[%clk 0:28:50]}  Nf4 {[%clk 0:30:50]} 45. Bh4 {[%clk 0:26:02]}  Rc8 {[%clk 0:27:46]} 46. Bg3 {[%clk 0:25:00]}  Nd3 {[%clk 0:27:43]} 47. Kg2 {[%clk 0:24:33]}  Rc3 {[%clk 0:27:20]} 48. Ra4 {[%clk 0:23:09]}  Kg5 {[%clk 0:27:04]} 49. Rc4 {[%clk 0:21:50]}  Ne1+ {[%clk 0:20:15]} 50. Kf1 {[%clk 0:21:57]}  Rxc4 {[%clk 0:20:39]} 51. bxc4 {[%clk 0:22:19]}  Nf3 {[%clk 0:21:01]} 52. Kg2 {[%clk 0:16:09]}  Kg4 {[%clk 0:18:48]} 53. c5 {[%clk 0:16:02]}  Nd4 {[%clk 0:18:24]} 54. f3+ {[%clk 0:14:09]}  Kf5 {[%clk 0:18:51]} 55. a4 {[%clk 0:13:12]}  h4 {[%clk 0:19:18]} 56. Bh2 {[%clk 0:12:42]}  h3+ {[%clk 0:17:56]} 57. Kf2 {[%clk 0:11:31]}  Ke6 {[%clk 0:17:51]} 58. f4 {[%clk 0:10:58]}  Kd5 {[%clk 0:16:21]} 59. Kg3 {[%clk 0:11:10]}  Ne6 {[%clk 0:16:05]} 60. Kxh3 {[%clk 0:09:13]}  Nxc5 {[%clk 0:14:47]} 61. a5 {[%clk 0:09:19]}  Ke6 {[%clk 0:13:12]} 62. Kg4 {[%clk 0:09:34]}  f5+ {[%clk 0:13:26]} 63. Kg5 {[%clk 0:08:26]}  Na6 {[%clk 0:13:39]} 64. Bg1 {[%clk 0:08:51]}  Nc7 {[%clk 0:13:35]} 65. Bb6 {[%clk 0:09:16]}  Nd5 {[%clk 0:13:56]} 66. Bd8 {[%clk 0:08:29]}  Nb4 {[%clk 0:14:19]} 67. Bc7 {[%clk 0:08:50]}  Nd5 {[%clk 0:14:18]} 68. Bd6 {[%clk 0:08:59]}  Nc3 {[%clk 0:14:45]} 69. a6 {[%clk 0:08:58]}  Nb5 {[%clk 0:15:13]} 70. Bb8 {[%clk 0:09:03]} 1-0

[Event "45th FIDE Chess Olympiad Open"]
[Site "Budapest, Hungary"]
[Date "2024.09.14"]
[Round "4"]
[White "Mafaaz Khalid"]
[Black "Tran, Tuan An"]
[Result "1/2-1/2"]
[Board "277"]
[WhiteFideId "7818424"]
[BlackFideId "31002706"]
[WhiteElo "2069"]
[BlackElo "1916"]
[WhiteTeam "Pakistan"]
[BlackTeam "Guam"]
[WhiteClock "0:15:40"]
[BlackClock "0:06:41"]
[Variant "Standard"]

1. d4 {[%clk 1:30:56]}  Nf6 {[%clk 1:30:48]} 2. c4 {[%clk 1:30:48]}  e6 {[%clk 1:31:11]} 3. Nc3 {[%clk 1:30:57]}  d5 {[%clk 1:31:22]} 4. Nf3 {[%clk 1:30:53]}  c5 {[%clk 1:30:55]} 5. cxd5 {[%clk 1:29:55]}  cxd4 {[%clk 1:31:11]} 6. Qxd4 {[%clk 1:29:13]}  exd5 {[%clk 1:31:34]} 7. e4 {[%clk 1:28:43]}  dxe4 {[%clk 1:31:52]} 8. Qxd8+ {[%clk 1:28:44]}  Kxd8 {[%clk 1:32:13]} 9. Ng5 {[%clk 1:28:53]}  Be6 {[%clk 1:32:31]} 10. Nxe6+ {[%clk 1:27:50]}  fxe6 {[%clk 1:32:52]} 11. Bc4 {[%clk 1:26:49]}  Nc6 {[%clk 1:26:31]} 12. Bg5 {[%clk 1:25:41]}  Ke7 {[%clk 1:25:22]} 13. Nxe4 {[%clk 1:22:15]}  h6 {[%clk 1:24:53]} 14. Nxf6 {[%clk 1:17:02]}  hxg5 {[%clk 0:59:18]} 15. Ng4 {[%clk 1:16:16]}  Rd8 {[%clk 0:47:11]} 16. Rd1 {[%clk 1:13:27]}  Rxd1+ {[%clk 0:42:20]} 17. Kxd1 {[%clk 1:12:47]}  Na5 {[%clk 0:41:43]} 18. Bd3 {[%clk 1:10:25]}  Kd6 {[%clk 0:39:45]} 19. Ke2 {[%clk 1:07:19]}  Be7 {[%clk 0:34:53]} 20. Rd1 {[%clk 1:03:14]}  Bf6 {[%clk 0:31:34]} 21. Be4+ {[%clk 0:57:00]}  Ke7 {[%clk 0:28:28]} 22. b4 {[%clk 0:54:20]}  Nc6 {[%clk 0:27:16]} 23. Bxc6 {[%clk 0:53:10]}  bxc6 {[%clk 0:27:39]} 24. Rd3 {[%clk 0:46:39]}  Rb8 {[%clk 0:25:30]} 25. Rb3 {[%clk 0:45:46]}  Rb5 {[%clk 0:22:35]} 26. a4 {[%clk 0:41:07]}  Rb8 {[%clk 0:19:32]} 27. Kd3 {[%clk 0:36:38]}  Rd8+ {[%clk 0:15:58]} 28. Kc2 {[%clk 0:34:02]}  Rd4 {[%clk 0:15:18]} 29. h3 {[%clk 0:29:56]}  a5 {[%clk 0:10:05]} 30. b5 {[%clk 0:26:33]}  cxb5 {[%clk 0:09:41]} 31. axb5 {[%clk 0:26:52]}  a4 {[%clk 0:08:26]} 32. Rb1 {[%clk 0:24:01]}  Kd7 {[%clk 0:07:20]} 33. Nxf6+ {[%clk 0:19:32]}  gxf6 {[%clk 0:07:15]} 34. Kc3 {[%clk 0:19:58]}  Rf4 {[%clk 0:06:25]} 35. f3 {[%clk 0:17:18]}  Kc7 {[%clk 0:06:31]} 36. Rb4 {[%clk 0:16:53]}  Rf5 {[%clk 0:06:41]} 37. b6+ {[%clk 0:15:40]} 1/2-1/2

[Event "45th FIDE Chess Olympiad Open"]
[Site "Budapest, Hungary"]
[Date "2024.09.14"]
[Round "4"]
[White "Mwale, Joseph"]
[Black "Tsephe, Lebajoa"]
[Result "1/2-1/2"]
[Board "294"]
[WhiteFideId "16400135"]
[BlackFideId "21302197"]
[WhiteTitle "FM"]
[WhiteElo "2063"]
[BlackElo "1900"]
[WhiteTeam "Malawi"]
[BlackTeam "Lesotho"]
[WhiteClock "1:41:10"]
[BlackClock "0:22:08"]
[Variant "Standard"]

1. e4 {[%clk 1:30:36]}  c5 {[%clk 1:30:16]} 2. Nf3 {[%clk 1:31:03]}  d6 {[%clk 1:30:36]} 3. d4 {[%clk 1:31:30]}  cxd4 {[%clk 1:30:17]} 4. Nxd4 {[%clk 1:31:58]}  Nf6 {[%clk 1:30:35]} 5. Nc3 {[%clk 1:32:25]}  a6 {[%clk 1:30:56]} 6. Bg5 {[%clk 1:32:52]}  e6 {[%clk 1:30:38]} 7. f4 {[%clk 1:33:17]}  Be7 {[%clk 1:31:02]} 8. Qf3 {[%clk 1:33:44]}  Qc7 {[%clk 1:31:15]} 9. O-O-O {[%clk 1:34:09]}  Nbd7 {[%clk 1:29:16]} 10. g4 {[%clk 1:34:29]}  h6 {[%clk 1:27:59]} 11. Bxf6 {[%clk 1:34:51]}  Bxf6 {[%clk 1:26:36]} 12. h4 {[%clk 1:35:00]}  Nb6 {[%clk 1:15:16]} 13. g5 {[%clk 1:34:43]}  Bxd4 {[%clk 1:14:58]} 14. Rxd4 {[%clk 1:35:09]}  Bd7 {[%clk 1:11:53]} 15. Qd3 {[%clk 1:35:02]}  hxg5 {[%clk 0:58:12]} 16. fxg5 {[%clk 1:35:17]}  Rd8 {[%clk 0:48:52]} 17. g6 {[%clk 1:31:47]}  Bc6 {[%clk 0:47:24]} 18. Bh3 {[%clk 1:30:36]}  Rxh4 {[%clk 0:30:17]} 19. Qg3 {[%clk 1:30:49]}  Rh6 {[%clk 0:29:06]} 20. gxf7+ {[%clk 1:31:04]}  Qxf7 {[%clk 0:28:45]} 21. Rg1 {[%clk 1:29:55]}  Nc8 {[%clk 0:23:20]} 22. Rd3 {[%clk 1:29:21]}  Rd7 {[%clk 0:20:04]} 23. Rf3 {[%clk 1:25:32]}  Rf6 {[%clk 0:19:07]} 24. Rgf1 {[%clk 1:25:14]}  Re7 {[%clk 0:16:59]} 25. Rxf6 {[%clk 1:23:53]}  gxf6 {[%clk 0:17:20]} 26. Qh4 {[%clk 1:24:16]}  Bd7 {[%clk 0:10:49]} 27. Rxf6 {[%clk 1:21:54]}  Qg7 {[%clk 0:10:12]} 28. Bg4 {[%clk 1:21:51]}  b5 {[%clk 0:04:17]} 29. e5 {[%clk 1:21:23]}  dxe5 {[%clk 0:02:39]} 30. Ne4 {[%clk 1:21:44]}  Kd8 {[%clk 0:02:25]} 31. Rf3 {[%clk 1:19:35]}  Kc7 {[%clk 0:01:08]} 32. Nc5 {[%clk 1:18:21]}  Bc6 {[%clk 0:00:33]} 33. Nxa6+ {[%clk 1:18:30]}  Kb6 {[%clk 0:00:44]} 34. Rc3 {[%clk 1:18:11]}  Kxa6 {[%clk 0:00:31]} 35. Rxc6+ {[%clk 1:18:33]}  Kb7 {[%clk 0:01:00]} 36. Rc5 {[%clk 1:18:40]}  Na7 {[%clk 0:01:21]} 37. Qh1+ {[%clk 1:17:27]}  Kb8 {[%clk 0:01:37]} 38. Bf3 {[%clk 1:16:58]}  Qg5+ {[%clk 0:01:35]} 39. Kb1 {[%clk 1:17:22]}  Rh7 {[%clk 0:00:35]} 40. Qe1 {[%clk 1:17:15]}  Qf4 {[%clk 0:00:32]} 41. Qxe5+ {[%clk 1:16:20]}  Qxe5 {[%clk 0:00:59]} 42. Rxe5 {[%clk 1:16:44]}  Rf7 {[%clk 0:00:53]} 43. Bd1 {[%clk 1:16:59]}  Rf6 {[%clk 0:01:12]} 44. b4 {[%clk 1:16:50]}  Kc7 {[%clk 0:01:28]} 45. Be2 {[%clk 1:16:35]}  Kd6 {[%clk 0:01:56]} 46. Rc5 {[%clk 1:16:55]}  Rf5 {[%clk 0:02:25]} 47. Rxf5 {[%clk 1:17:15]}  exf5 {[%clk 0:02:33]} 48. Kb2 {[%clk 1:17:37]}  Ke5 {[%clk 0:00:57]} 49. Kb3 {[%clk 1:17:38]}  f4 {[%clk 0:00:56]} 50. c4 {[%clk 1:17:21]}  Nc6 {[%clk 0:00:42]} 51. Bf1 {[%clk 1:17:38]}  Nd4+ {[%clk 0:00:43]} 52. Kc3 {[%clk 1:18:02]}  bxc4 {[%clk 0:00:55]} 53. a4 {[%clk 1:17:26]}  f3 {[%clk 0:01:16]} 54. a5 {[%clk 1:17:26]}  Nf5 {[%clk 0:28:35]} 55. Bxc4 {[%clk 1:46:06]}  Kd6 {[%clk 0:27:10]} 56. b5 {[%clk 1:43:43]}  Kc5 {[%clk 0:26:14]} 57. Bf1 {[%clk 1:42:36]}  Ne3 {[%clk 0:24:30]} 58. a6 {[%clk 1:40:01]}  Kb6 {[%clk 0:24:53]} 59. Bd3 {[%clk 1:40:22]}  f2 {[%clk 0:25:06]} 60. Kd4 {[%clk 1:40:41]}  f1=Q {[%clk 0:23:30]} 61. Bxf1 {[%clk 1:41:04]}  Nxf1 {[%clk 0:23:44]} 62. Kd5 {[%clk 1:41:21]}  Ne3+ {[%clk 0:23:27]} 63. Ke6 {[%clk 1:41:31]}  Nc2 {[%clk 0:22:08]} 64. Ke5 {[%clk 1:41:10]} 1/2-1/2

[Event "45th FIDE Chess Olympiad Open"]
[Site "Budapest, Hungary"]
[Date "2024.09.14"]
[Round "4"]
[White "Mahamat Hachim Bachar"]
[Black "Houssein, Mohamed Bilal"]
[Result "0-1"]
[Board "325"]
[WhiteFideId "42800030"]
[BlackFideId "32504241"]
[WhiteElo "1872"]
[BlackElo "1870"]
[WhiteTeam "Chad"]
[BlackTeam "Djibouti"]
[WhiteClock "1:26:23"]
[BlackClock "0:27:08"]
[Variant "Standard"]

1. e4 {[%clk 1:29:58]}  c5 {[%clk 1:30:56]} 2. g3 {[%clk 1:30:00]}  d5 {[%clk 1:29:36]} 3. Bg2 {[%clk 1:29:58]}  dxe4 {[%clk 1:29:07]} 4. Bxe4 {[%clk 1:30:06]}  Nf6 {[%clk 1:29:30]} 5. Bg2 {[%clk 1:30:13]}  Nc6 {[%clk 1:26:14]} 6. Ne2 {[%clk 1:30:23]}  e5 {[%clk 1:24:43]} 7. d3 {[%clk 1:30:33]}  Be7 {[%clk 1:24:41]} 8. O-O {[%clk 1:30:53]}  O-O {[%clk 1:24:58]} 9. h3 {[%clk 1:31:09]}  Be6 {[%clk 1:24:53]} 10. Nbc3 {[%clk 1:31:20]}  Qd7 {[%clk 1:24:54]} 11. Kh2 {[%clk 1:31:14]}  h6 {[%clk 1:22:22]} 12. Be3 {[%clk 1:31:12]}  Nd4 {[%clk 1:19:10]} 13. f4 {[%clk 1:28:45]}  Nd5 {[%clk 1:15:58]} 14. Nxd5 {[%clk 1:27:00]}  Bxd5 {[%clk 1:16:19]} 15. Bxd5 {[%clk 1:24:33]}  Qxd5 {[%clk 1:16:41]} 16. Nc3 {[%clk 1:24:50]}  Qe6 {[%clk 1:13:26]} 17. Bxd4 {[%clk 1:24:11]}  cxd4 {[%clk 1:11:10]} 18. f5 {[%clk 1:24:19]}  Qc6 {[%clk 1:07:14]} 19. Ne4 {[%clk 1:24:26]}  Rac8 {[%clk 1:07:04]} 20. Rf2 {[%clk 1:23:36]}  Bg5 {[%clk 1:04:23]} 21. f6 {[%clk 1:17:43]}  Bxf6 {[%clk 1:02:45]} 22. Qh5 {[%clk 1:15:43]}  Bg5 {[%clk 0:53:33]} 23. Nxg5 {[%clk 1:15:47]}  hxg5 {[%clk 0:53:55]} 24. Qxg5 {[%clk 1:16:00]}  f5 {[%clk 0:47:56]} 25. Re1 {[%clk 1:14:35]}  e4 {[%clk 0:46:52]} 26. Ree2 {[%clk 1:12:51]}  Qe6 {[%clk 0:35:36]} 27. a3 {[%clk 1:10:39]}  e3 {[%clk 0:35:22]} 28. Rf4 {[%clk 1:10:58]}  Qe5 {[%clk 0:32:00]} 29. Re4 {[%clk 1:09:00]}  Qd5 {[%clk 0:30:27]} 30. Qh5 {[%clk 1:06:32]}  Rf6 {[%clk 0:24:31]} 31. Rf4 {[%clk 1:04:40]}  Qd6 {[%clk 0:23:06]} 32. Rxf5 {[%clk 1:03:09]}  Rcf8 {[%clk 0:19:35]} 33. Rxf6 {[%clk 1:03:03]}  Qxf6 {[%clk 0:16:20]} 34. Qd5+ {[%clk 1:02:12]}  Kh8 {[%clk 0:15:14]} 35. Rg2 {[%clk 1:00:47]}  Rf7 {[%clk 0:11:13]} 36. c3 {[%clk 1:00:34]}  dxc3 {[%clk 0:06:33]} 37. bxc3 {[%clk 1:00:45]}  Kg8 {[%clk 0:03:58]} 38. d4 {[%clk 0:59:58]}  Qe7 {[%clk 0:02:27]} 39. Qe5 {[%clk 0:57:21]}  Qxe5 {[%clk 0:01:57]} 40. dxe5 {[%clk 0:57:20]}  Re7 {[%clk 0:02:24]} 41. Re2 {[%clk 0:57:05]}  Rxe5 {[%clk 0:02:46]} 42. Kg2 {[%clk 0:57:18]}  Rb5 {[%clk 0:01:17]} 43. Rxe3 {[%clk 0:55:57]}  Ra5 {[%clk 0:01:39]} 44. Kf2 {[%clk 0:55:50]}  Rxa3 {[%clk 0:00:54]} 45. Rd3 {[%clk 0:56:05]}  Kf7 {[%clk 0:30:17]} 46. g4 {[%clk 1:26:23]}  Ke6 {[%clk 0:29:35]} 47. Ke2 {[%clk 1:26:08]}  a5 {[%clk 0:27:04]} 48. Rd2 {[%clk 1:26:23]}  Ra2 {[%clk 0:27:08]} 0-1